Normal view
MARC view
- Ohnsorge, Franziska,
Entry Personal Name
001 - CONTROL NUMBER
- control field: 10230
003 - CONTROL NUMBER IDENTIFIER
- control field: NUST
005 - DATE AND TIME OF LATEST TRANSACTION
- control field: 20180418045602.0
008 - FIXED-LENGTH DATA ELEMENTS
- fixed length control field: 180418|| aca||aabn | a|a d
040 ## - CATALOGING SOURCE
- Original cataloging agency: NUST
- Transcribing agency: NUST
100 ## - HEADING--PERSONAL NAME
- Personal name: Ohnsorge, Franziska,
- Relator term: author.
670 ## - SOURCE DATA FOUND
- Source citation: Work cat.: (NUST)0: World Bank Group, issuing body. 10227, Global economic prospects.
